Pour des transports écologiquement viables <les> mesures a prendre
Guardado en:
| Formato: | Libro |
|---|---|
| Lenguaje: | francés |
| Publicado: |
Paris
OECD
2002
|
| Materias: | |
| Etiquetas: |
Sin Etiquetas, Sea el primero en etiquetar este registro!
|
MARC
| LEADER | 00000nam a2200000 4500 | ||
|---|---|---|---|
| 001 | c142826 | ||
| 005 | 20221124094740.5 | ||
| 020 | |a 92-64-29826-9 | ||
| 041 | 0 | |a fre | |
| 044 | |a FR | ||
| 245 | 1 | 0 | |a Pour des transports écologiquement viables |b <les> mesures a prendre |
| 264 | 1 | |a Paris |b OECD |c 2002 | |
| 300 | |a 189 s. | ||
| 610 | 2 | 0 | |a doprava |
| 610 | 2 | 0 | |a ekológia |
| 610 | 2 | 0 | |a ochrana prostredia životného |
| 610 | 2 | 0 | |a projekty |
| 610 | 2 | 0 | |a procesy sociálno-ekonomické |
| 610 | 2 | 0 | |a analýzy |
| 610 | 2 | 0 | |a porovnanie medzinárodné |
| 610 | 2 | 0 | |a svet |
| 610 | 2 | 0 | |a OECD |